000 01130nam a2200349 i 4500
001 000012873
003 DO-SdBPM
005 20251017140421.0
007 ta
008 091118s2022 dr 000 j spa d
020 _a9789945510157
040 _aDO-SdBPM
_bspa
_cBPMSU
_erda
_d
082 4 _aRD863.44
_bP379f, 2022
_222
100 1 _aPeix, Pedro
_d1952-2015
245 1 3 _aEl fantasma de la calle el Conde /
_cPedro Peix.
264 _aSanto Domingo :
_bEditora Nacional ;
_bMinisterio de Cultura,
_c2022
300 _a78 páginas ;
_c24 cm.
336 _2rdacontent
_atexto
_btxt
337 _2rdamedia
_asin mediacion
_bn
338 _2rdacarrier
_avolumen
_bnc
490 0 _aHomenaje
500 _aIncluye datos biográficos del autor en la solapa de la cubierta
590 _aInventariado, 2025/ VM
650 7 _aCuentos dominicanos
650 7 _aFantasma
_vCuento
650 7 _aLiteratura dominicana.
650 z _aShort stories, Dominican
650 z _aDominican literature
710 2 _aMinisterio de Cultura de la República Dominicana
910 _aVMateo V. Control de calidad BPMSU
942 _2ddc
_cBK
999 _c15464
_d15464